[Event "Online Olym Div4 B"]
[Site "Chess.com INT"]
[Date "2020.08.01"]
[Round "4.5"]
[White "Sara, Hassan Almohannadi"]
[Black "Shimwa, Marie Faustine"]
[Result "0-1"]
[WhiteElo "1072"]
[BlackElo "1397"]
[PlyCount "64"]
[EventDate "2020.07.31"]
[EventType "team-tourn (rapid)"]
[EventRounds "9"]
[EventCountry "USA"]
[SourceTitle "CBM 198"]
[Source "ChessBase"]
[SourceDate "2020.10.31"]
[SourceVersion "1"]
[SourceVersionDate "2020.10.31"]
[SourceQuality "1"]
[WhiteTeam "Qatar"]
[BlackTeam "Rwanda"]
[WhiteTeamCountry "QAT"]
[BlackTeamCountry "RWA"]

1. d4 d5 2. Nf3 e6 3. c3 Nf6 4. Bf4 Nbd7 5. e3 c6 6. Be2 Be7 7. Qc2 0-0 8. Nbd2 b5 9. 0-0 Bb7 10. Bd3 a6 11. Ne5 Nxe5 12. Bxe5 Ne4 13. Nxe4 dxe4 14. Bxe4 f5 15. Bf3 Qd7 16. Rad1 Rac8 17. e4 Bd6 18. Bxd6 Qxd6 19. e5 Qe7 20. Qd2 Rfd8 21. h3 c5 22. Bxb7 Qxb7 23. Qe3 Rd5 24. dxc5 Rdxc5 25. Rd8+ Rxd8 26. Qxc5 Rd2 27. Qb4 h6 28. Qb3 Kf7 29. Rc1 Qc7 30. Re1 Qb6 31. Rc1 Qxf2+ 32. Kh1 Qxg2# 0-1